| 000 | 00906nam a22002535a 4500 | ||
|---|---|---|---|
| 005 | 20151206152933.0 | ||
| 008 | 150819t2014 nyua frb 001 0 eng d | ||
| 020 | _a1606499629 | ||
| 020 | _a9781606499627 | ||
| 040 |
_aEG-ScBUE _beng _cEG-ScBUE |
||
| 082 | 0 | 4 |
_222 _a658.4033 _bSTR |
| 100 | 1 |
_aStrong, Helen. _938842 |
|
| 245 | 1 | 0 |
_aMarketing and management models : _ba guide to understanding and using business models / _cHelen Strong. |
| 260 |
_aNew York : _bBusiness Expert Press, _cc.2014. |
||
| 300 |
_axvii, 231 p. : _bill. ; _c23 cm. |
||
| 490 | 0 | _aMarketing strategy collection. | |
| 500 | _aIndex : p. 227-231. | ||
| 504 | _aBibliography : p. 219-225. | ||
| 650 |
_2BUEsh _aMarketing _xManagement _xMathematical models |
||
| 650 | 7 |
_aIndustrial management _xMathematical models. _2BUEsh _925973 |
|
| 651 | _2BUEsh | ||
| 653 |
_bBUSADM _cAugust2015 _cDecember2015 |
||
| 942 |
_2ddc _k658.4033 STR |
||
| 999 |
_c20615 _d20587 |
||